000 01212nam a2200301Ia 4500
003 GCL
008 140319s9999 xx 000 0 ara d
040 _aGCL /
_cGCL
082 0 4 _a913.03
_bب ح
100 1 _aمصطفى ماهر
_vAnnotator
_@
…علق
245 1 0 _aالحضارة المادية والاقتصادية والراسمالية : من القرن الخامس عشر حتى القرن الثامن عشر :
_bج1الحياة اليومية وبنياتها الممكن والمستحيل \ ج2 التبادل التجارى وعملياته /
_cمصطفى ماهر
700 1 _aبرودل، فرنان
250 _aالاولى
260 _aالقاهرة :
_bدار الفكر للدراسات والنشر والتوزيع ،
_c1993
300 _aمتعدد ؛
_c24سم
650 0 4 _aالاقتصاد
650 0 4 _aالتجارة
650 0 4 _aالزراعة
650 0 4 _aالحضارة
650 0 4 _aالطاقة
650 0 4 _aالصناعة
650 0 4 _aالانثربولوجيا
650 0 4 _aالملاحة
650 0 4 _aالراسمالية
650 0 4 _aالتقدم الاجتماعى
650 0 4 _aالطاقة الاشعاعية
942 _2ddc
_cBK
999 _c30972
_d30972